| 000 | 00495nam a2200109Ia 4500 | ||
|---|---|---|---|
| 008 | 160909s9999 xx 000 0 und d | ||
| 100 | _aDiehl, Elizabeth, | ||
| 245 | _aWild berries' contribution to diet diversity: Prevalence and patterns of wild berry consumption among park users in Western Washington and chemical analysis of <i>Gaultheria shallon</i> (salal) berry | ||
| 260 |
_bBastyr University. _c2016 |
||
| 650 | _aFOOD | ||
| 856 | _uhttp://pqdtopen.proquest.com/doc/1808920644.html?FMT=ABS | ||
| 999 |
_c303991 _d303991 |
||